[Event "M?R 2020 v bleskovém ?achu druzstev"]
[Site "Turnov"]
[Date "2020.09.12"]
[Round "7.3"]
[White "Hulin BAK, Petr"]
[Black "Vykouk TUR_A, Jan"]
[Result "0-1"]
[BlackElo "2374"]
[WhiteElo "2029"]
[LiveChessVersion "1.4.8"]

1. d4 {[%clk 0:03:02]} Nf6 {[%clk 0:03:03]} 2. Nf3 {[%clk 0:03:04]} g6
{[%clk 0:03:04]} 3. h4 {[%clk 0:03:05]} Bg7 {[%clk 0:03:01]} 4. h5
{[%clk 0:03:04]} Nxh5 {[%clk 0:03:02]} 5. c4 {[%clk 0:03:05]} d6 {[%clk 0:02:54]}
6. Nc3 {[%clk 0:03:03]} c6 {[%clk 0:02:35]} 7. Bg5 {[%clk 0:02:27]} h6
{[%clk 0:02:35]} 8. Bd2 {[%clk 0:02:19]} Nf6 {[%clk 0:02:34]} 9. Qc1
{[%clk 0:02:13]} h5 {[%clk 0:02:34]} 10. Qc2 {[%clk 0:02:12]} Nbd7
{[%clk 0:02:30]} 11. e4 {[%clk 0:02:12]} e5 {[%clk 0:02:30]} 12. d5
{[%clk 0:02:02]} O-O {[%clk 0:02:29]} 13. O-O-O {[%clk 0:01:56]} cxd5
{[%clk 0:02:29]} 14. cxd5 {[%clk 0:01:44]} Nc5 {[%clk 0:02:28]} 15. Ng5
{[%clk 0:01:35]} Bd7 {[%clk 0:02:22]} 16. Kb1 {[%clk 0:01:29]} Rc8
{[%clk 0:02:21]} 17. Be2 {[%clk 0:01:08]} Ncxe4 {[%clk 0:02:10]} 18. Ngxe4
{[%clk 0:01:06]} Nxe4 {[%clk 0:02:11]} 19. Bxh5 {[%clk 0:00:55]} Nxc3+
{[%clk 0:02:00]} 0-1

[Event "M?R 2020 v bleskovém ?achu druzstev"]
[Site "Turnov"]
[Date "2020.09.12"]
[Round "7.4"]
[White "Studnicka TUR_A, Tomas"]
[Black "Richter BAK, Martin"]
[Result "1-0"]
[BlackElo "1960"]
[WhiteElo "2155"]
[LiveChessVersion "1.4.8"]

1. d4 {[%clk 0:03:03]} d5 {[%clk 0:03:03]} 2. Nf3 {[%clk 0:03:04]} Nf6
{[%clk 0:03:04]} 3. c3 {[%clk 0:03:06]} e6 {[%clk 0:03:05]} 4. Bf4
{[%clk 0:03:06]} c6 {[%clk 0:03:06]} 5. e3 {[%clk 0:03:07]} Bd6 {[%clk 0:03:06]}
6. Bg3 {[%clk 0:03:09]} Qe7 {[%clk 0:02:56]} 7. Nbd2 {[%clk 0:03:09]} Nbd7
{[%clk 0:02:57]} 8. Ne5 {[%clk 0:03:10]} Bxe5 {[%clk 0:02:48]} 9. dxe5
{[%clk 0:03:11]} Ne4 {[%clk 0:02:45]} 10. Nxe4 {[%clk 0:03:12]} dxe4
{[%clk 0:02:46]} 11. Qd4 {[%clk 0:03:11]} f5 {[%clk 0:02:34]} 12. exf6
{[%clk 0:03:08]} Nxf6 {[%clk 0:02:34]} 13. O-O-O {[%clk 0:03:02]} Bd7
{[%clk 0:02:25]} 14. Be5 {[%clk 0:02:55]} Ng4 {[%clk 0:02:04]} 15. Bg3
{[%clk 0:02:45]} e5 {[%clk 0:01:27]} 16. Qxe4 {[%clk 0:02:43]} O-O-O
{[%clk 0:01:27]} 17. Be2 {[%clk 0:02:37]} Qg5 {[%clk 0:01:08]} 18. h4
{[%clk 0:02:07]} Bf5 {[%clk 0:00:28]} 19. Qa4 {[%clk 0:01:57]} Qg6
{[%clk 0:00:23]} 20. Qxa7 {[%clk 0:01:42]} Bb1 {[%clk 0:00:19]} 21. Bxg4+
{[%clk 0:01:42]} Kc7 {[%clk 0:00:19]} 22. Bxe5+ 1-0

[Event "M?R 2020 v bleskovém ?achu druzstev"]
[Site "Turnov"]
[Date "2020.09.12"]
[Round "7.5"]
[White "Hacha TUR_D, Ales"]
[Black "Natsidis DEC, Christoph"]
[Result "0-1"]
[BlackElo "2261"]
[WhiteElo "2051"]
[LiveChessVersion "1.4.8"]

1. e4 {[%clk 0:03:01]} c5 {[%clk 0:03:04]} 2. Nf3 {[%clk 0:03:02]} e6
{[%clk 0:03:05]} 3. d4 {[%clk 0:03:02]} cxd4 {[%clk 0:03:07]} 4. Bc4
{[%clk 0:03:01]} Nc6 {[%clk 0:03:01]} 5. O-O {[%clk 0:03:00]} d6 {[%clk 0:02:59]}
6. Nxd4 {[%clk 0:02:42]} Nf6 {[%clk 0:02:53]} 7. Re1 {[%clk 0:02:40]} a6
{[%clk 0:02:23]} 8. Bg5 {[%clk 0:02:30]} Be7 {[%clk 0:02:21]} 9. Nc3
{[%clk 0:02:27]} Bd7 {[%clk 0:02:22]} 10. a3 {[%clk 0:02:23]} Rc8
{[%clk 0:02:23]} 11. Bf1 {[%clk 0:02:17]} O-O {[%clk 0:02:23]} 12. Qd2
{[%clk 0:02:15]} Ne5 {[%clk 0:02:15]} 13. Rad1 {[%clk 0:02:07]} Nc4
{[%clk 0:02:09]} 14. Bxc4 {[%clk 0:01:44]} Rxc4 {[%clk 0:02:10]} 15. Qe2
{[%clk 0:01:36]} Rc8 {[%clk 0:02:03]} 16. Rd2 {[%clk 0:01:27]} Qb6
{[%clk 0:01:53]} 17. Nd1 {[%clk 0:01:15]} Rfd8 {[%clk 0:01:37]} 18. c4
{[%clk 0:01:14]} Qc5 {[%clk 0:01:05]} 19. b3 {[%clk 0:00:59]} Qxg5
{[%clk 0:01:05]} 20. Nc3 {[%clk 0:00:48]} Qg4 {[%clk 0:00:55]} 21. f3
{[%clk 0:00:48]} Qg5 {[%clk 0:00:56]} 22. Kh1 {[%clk 0:00:48]} Be8
{[%clk 0:00:57]} 23. g3 {[%clk 0:00:46]} Qa5 {[%clk 0:00:57]} 24. Nc2
{[%clk 0:00:41]} Qxc3 {[%clk 0:00:58]} 0-1

[Event "M?R 2020 v bleskovém ?achu druzstev"]
[Site "Turnov"]
[Date "2020.09.12"]
[Round "7.6"]
[White "Buchcar DEC, Tomas"]
[Black "Zima TUR_D, Jan"]
[Result "1-0"]
[BlackElo "2076"]
[WhiteElo "2043"]
[LiveChessVersion "1.4.8"]

1. c4 {[%clk 0:03:02]} Nf6 {[%clk 0:03:03]} 2. g3 {[%clk 0:03:02]} g6
{[%clk 0:03:04]} 3. Bg2 {[%clk 0:03:03]} Bg7 {[%clk 0:03:05]} 4. Nc3
{[%clk 0:03:03]} O-O {[%clk 0:03:05]} 5. Nf3 {[%clk 0:03:04]} d5 {[%clk 0:03:06]}
6. cxd5 Nxd5 {[%clk 0:03:06]} 7. O-O {[%clk 0:03:04]} Nb6 {[%clk 0:03:07]} 8. a4
{[%clk 0:02:53]} a5 {[%clk 0:03:03]} 9. d3 {[%clk 0:02:53]} Nc6 {[%clk 0:03:00]}
10. Be3 {[%clk 0:02:54]} e5 {[%clk 0:02:38]} 11. Nb5 {[%clk 0:02:27]} Nd5
{[%clk 0:01:58]} 12. Bc5 {[%clk 0:02:15]} Re8 {[%clk 0:01:59]} 13. Rc1
{[%clk 0:02:10]} f5 {[%clk 0:01:44]} 14. Nd2 {[%clk 0:01:48]} Be6
{[%clk 0:01:39]} 15. Re1 {[%clk 0:01:22]} Qd7 {[%clk 0:01:38]} 16. Ba3
{[%clk 0:01:15]} Ncb4 {[%clk 0:01:18]} 17. Nb3 {[%clk 0:01:15]} c6
{[%clk 0:01:04]} 18. Nc5 {[%clk 0:01:14]} Qe7 {[%clk 0:00:26]} 19. Nxe6
{[%clk 0:01:03]} Qxe6 {[%clk 0:00:27]} 20. Bxb4 {[%clk 0:00:50]} cxb5
{[%clk 0:00:28]} 21. Bd2 {[%clk 0:00:37]} b4 {[%clk 0:00:26]} 22. Rc5
{[%clk 0:00:35]} Nf6 {[%clk 0:00:04]} 23. Bxb7 {[%clk 0:00:31]} Rab8
{[%clk 0:00:05]} 24. Bg2 {[%clk 0:00:30]} Bf8 {[%clk 0:00:05]} 25. Rc6
{[%clk 0:00:30]} Qf7 {[%clk 0:00:04]} 26. Qc2 {[%clk 0:00:26]} Re7
{[%clk 0:00:04]} 27. Rc1 {[%clk 0:00:25]} Rd7 {[%clk 0:00:04]} 28. Qc4
{[%clk 0:00:20]} Kg7 {[%clk 0:00:04]} 29. b3 {[%clk 0:00:21]} Rbd8
{[%clk 0:00:03]} 30. Be3 {[%clk 0:00:21]} Ng4 {[%clk 0:00:04]} 31. Bb6
{[%clk 0:00:21]} Re8 {[%clk 0:00:04]} 32. h3 {[%clk 0:00:22]} Nf6
{[%clk 0:00:05]} 33. Bxa5 {[%clk 0:00:22]} Rd4 {[%clk 0:00:05]} 34. Qxf7+ Kxf7
{[%clk 0:00:06]} 35. R6c4 {[%clk 0:00:23]} Ra8 {[%clk 0:00:05]} 36. Bb6
{[%clk 0:00:24]} Rd6 {[%clk 0:00:06]} 37. Bc5 {[%clk 0:00:25]} Rd7
{[%clk 0:00:05]} 38. Bxf8 {[%clk 0:00:23]} Kxf8 {[%clk 0:00:06]} 39. Rxb4
{[%clk 0:00:23]} Ne8 {[%clk 0:00:06]} 40. Bxa8 {[%clk 0:00:22]} 1-0

[Event "M?R 2020 v bleskovém ?achu druzstev"]
[Site "Turnov"]
[Date "2020.09.12"]
[Round "7.7"]
[White "Stanek TUR_D, Bohumil"]
[Black "Babicka DEC, Michal"]
[Result "0-1"]
[BlackElo "2076"]
[WhiteElo "1840"]
[LiveChessVersion "1.4.8"]

1. e4 {[%clk 0:03:02]} c5 {[%clk 0:03:03]} 2. Nc3 {[%clk 0:03:02]} e6
{[%clk 0:03:02]} 3. Nf3 {[%clk 0:02:56]} a6 {[%clk 0:03:03]} 4. g3
{[%clk 0:02:53]} Nc6 {[%clk 0:03:04]} 5. Bg2 {[%clk 0:02:53]} Nge7
{[%clk 0:03:04]} 6. O-O {[%clk 0:02:53]} g6 {[%clk 0:03:05]} 7. d3
{[%clk 0:02:48]} Bg7 {[%clk 0:03:06]} 8. Be3 {[%clk 0:02:46]} b6 {[%clk 0:03:06]}
9. Qd2 {[%clk 0:02:44]} O-O {[%clk 0:02:58]} 10. Bh6 {[%clk 0:02:44]} Bb7
{[%clk 0:02:59]} 11. Bxg7 {[%clk 0:02:43]} Kxg7 {[%clk 0:03:00]} 12. h4
{[%clk 0:02:42]} h5 {[%clk 0:03:00]} 13. Rae1 {[%clk 0:02:29]} d5
{[%clk 0:03:00]} 14. e5 {[%clk 0:02:19]} Nf5 {[%clk 0:02:57]} 15. Nd1
{[%clk 0:02:10]} d4 {[%clk 0:02:58]} 16. c3 {[%clk 0:02:06]} Qd7 {[%clk 0:02:47]}
17. Ng5 {[%clk 0:01:52]} Qc7 {[%clk 0:02:39]} 18. f4 {[%clk 0:01:50]} Rfd8
{[%clk 0:02:31]} 19. Ne4 {[%clk 0:01:45]} Nce7 {[%clk 0:02:21]} 20. Qc2
{[%clk 0:01:23]} Rac8 {[%clk 0:02:15]} 21. Kh2 {[%clk 0:01:18]} b5
{[%clk 0:02:06]} 22. Nd6 {[%clk 0:01:17]} Nxd6 {[%clk 0:01:52]} 23. exd6
{[%clk 0:01:17]} Rxd6 {[%clk 0:01:52]} 24. cxd4 {[%clk 0:01:00]} cxd4
{[%clk 0:01:49]} 25. Qxc7 {[%clk 0:00:56]} Rxc7 {[%clk 0:01:49]} 26. Nf2
{[%clk 0:00:51]} Bxg2 {[%clk 0:01:47]} 27. Kxg2 {[%clk 0:00:51]} Rc2
{[%clk 0:01:47]} 28. Kg1 {[%clk 0:00:49]} Rxb2 {[%clk 0:01:41]} 29. Ne4
{[%clk 0:00:49]} Rc6 {[%clk 0:01:41]} 30. a4 {[%clk 0:00:44]} Rcc2
{[%clk 0:01:41]} 31. Rf3 {[%clk 0:00:33]} Nf5 {[%clk 0:01:40]} 32. axb5
{[%clk 0:00:32]} axb5 {[%clk 0:01:41]} 33. Ra1 {[%clk 0:00:24]} Rh2
{[%clk 0:01:40]} 34. Rf2 {[%clk 0:00:10]} Rhxf2 {[%clk 0:01:40]} 35. Nxf2
{[%clk 0:00:11]} Nxg3 {[%clk 0:01:40]} 36. Ra7 {[%clk 0:00:12]} Ne2+
{[%clk 0:01:40]} 37. Kf1 {[%clk 0:00:09]} Nxf4 {[%clk 0:01:40]} 38. Ne4
{[%clk 0:00:09]} Nxd3 {[%clk 0:01:36]} 39. Ng5 {[%clk 0:00:09]} Rf2+
{[%clk 0:01:37]} 40. Kg1 {[%clk 0:00:10]} Rf4 {[%clk 0:01:30]} 41. Nxe6+
{[%clk 0:00:11]} Kf6 {[%clk 0:01:29]} 42. Nxf4 {[%clk 0:00:12]} Nxf4
{[%clk 0:01:30]} 43. Rb7 {[%clk 0:00:12]} d3 {[%clk 0:01:23]} 44. Rxb5
{[%clk 0:00:12]} d2 {[%clk 0:01:23]} 45. Rb1 {[%clk 0:00:10]} Ne2+
{[%clk 0:01:24]} 46. Kf2 {[%clk 0:00:08]} Nc3 {[%clk 0:01:24]} 47. Rh1
{[%clk 0:00:04]} d1=Q {[%clk 0:01:24]} 48. Rxd1 {[%clk 0:00:05]} Nxd1+
{[%clk 0:01:25]} 49. Kg3 {[%clk 0:00:06]} Ne3 {[%clk 0:01:26]} 50. Kf3
{[%clk 0:00:07]} Nf5 {[%clk 0:01:28]} 51. Kf2 {[%clk 0:00:07]} Nxh4 0-1

[Event "M?R 2020 v bleskovém ?achu druzstev"]
[Site "Turnov"]
[Date "2020.09.12"]
[Round "8.1"]
[White "Kraus TUR_A, Tomas"]
[Black "Vltavsky TUR_C, Vladimir"]
[Result "1-0"]
[BlackElo "2156"]
[WhiteElo "2417"]
[LiveChessVersion "1.4.8"]

1. c4 {[%clk 0:03:03]} Nf6 {[%clk 0:03:03]} 2. Nc3 {[%clk 0:03:04]} e6
{[%clk 0:03:04]} 3. d4 {[%clk 0:03:04]} Bb4 {[%clk 0:03:04]} 4. Qc2
{[%clk 0:03:05]} c5 {[%clk 0:03:02]} 5. dxc5 {[%clk 0:03:05]} Na6
{[%clk 0:03:02]} 6. Nf3 {[%clk 0:03:05]} Bxc5 {[%clk 0:03:00]} 7. Bg5
{[%clk 0:02:59]} Be7 {[%clk 0:02:54]} 8. Rd1 {[%clk 0:02:52]} O-O
{[%clk 0:02:47]} 9. e4 {[%clk 0:02:52]} d5 {[%clk 0:02:41]} 10. cxd5
{[%clk 0:02:37]} exd5 {[%clk 0:02:39]} 11. Bxa6 {[%clk 0:02:20]} bxa6
{[%clk 0:02:33]} 12. e5 {[%clk 0:02:10]} Nd7 {[%clk 0:02:22]} 13. Bxe7
{[%clk 0:02:03]} Qxe7 {[%clk 0:02:22]} 14. Nxd5 {[%clk 0:02:04]} Qd8
{[%clk 0:01:48]} 15. O-O {[%clk 0:02:04]} Bb7 {[%clk 0:01:47]} 16. Qf5
{[%clk 0:02:00]} Bc8 {[%clk 0:01:09]} 17. Qh5 {[%clk 0:01:41]} Rb8
{[%clk 0:01:02]} 18. Rd2 {[%clk 0:01:13]} Rb5 {[%clk 0:00:44]} 19. Rfd1
{[%clk 0:01:11]} Bb7 {[%clk 0:00:05]} 1-0

[Event "M?R 2020 v bleskovém ?achu druzstev"]
[Site "Turnov"]
[Date "2020.09.12"]
[Round "8.2"]
[White "Marsalek TUR_C, Zdenek"]
[Black "Simacek TUR_A, Pavel"]
[Result "0-1"]
[BlackElo "2407"]
[WhiteElo "2297"]
[LiveChessVersion "1.4.8"]

1. d4 {[%clk 0:03:04]} Nf6 {[%clk 0:03:03]} 2. Nf3 {[%clk 0:03:05]} c5
{[%clk 0:03:01]} 3. g3 {[%clk 0:03:05]} cxd4 {[%clk 0:03:01]} 4. Nxd4
{[%clk 0:03:06]} e5 {[%clk 0:02:56]} 5. Nf3 {[%clk 0:03:06]} Be7 {[%clk 0:02:55]}
6. c4 {[%clk 0:03:05]} Nc6 {[%clk 0:02:55]} 7. Nc3 {[%clk 0:03:04]} O-O
{[%clk 0:02:53]} 8. Bg2 {[%clk 0:03:05]} d6 {[%clk 0:02:52]} 9. O-O
{[%clk 0:03:04]} Be6 {[%clk 0:02:53]} 10. b3 {[%clk 0:03:04]} h6 {[%clk 0:02:53]}
11. e4 {[%clk 0:02:55]} a6 {[%clk 0:02:38]} 12. Re1 {[%clk 0:02:54]} Qa5
{[%clk 0:02:37]} 13. Bd2 {[%clk 0:02:50]} Qc7 {[%clk 0:02:32]} 14. h3
{[%clk 0:02:47]} Rfc8 {[%clk 0:02:24]} 15. Rc1 {[%clk 0:02:47]} Qd7
{[%clk 0:02:07]} 16. Qe2 {[%clk 0:02:33]} Bxh3 {[%clk 0:02:03]} 17. Nd5
{[%clk 0:02:28]} Bd8 {[%clk 0:02:01]} 18. Red1 {[%clk 0:02:20]} Bg4
{[%clk 0:02:00]} 19. Nxf6+ {[%clk 0:02:10]} Bxf6 {[%clk 0:02:01]} 20. Be3
{[%clk 0:02:10]} Nd4 {[%clk 0:01:52]} 21. Bxd4 {[%clk 0:02:09]} exd4
{[%clk 0:01:53]} 22. Qd3 {[%clk 0:02:04]} b5 {[%clk 0:01:52]} 23. Re1
{[%clk 0:01:49]} bxc4 {[%clk 0:01:45]} 24. bxc4 {[%clk 0:01:44]} Qa7
{[%clk 0:01:36]} 25. e5 {[%clk 0:01:37]} dxe5 {[%clk 0:01:35]} 26. Nxe5
{[%clk 0:01:37]} Be6 {[%clk 0:01:31]} 27. Bxa8 {[%clk 0:01:36]} Qxa8
{[%clk 0:01:32]} 28. f4 {[%clk 0:01:29]} Qa7 {[%clk 0:01:14]} 29. f5
{[%clk 0:01:21]} Bd7 {[%clk 0:01:08]} 30. Nxd7 {[%clk 0:01:20]} Qxd7
{[%clk 0:01:09]} 31. c5 {[%clk 0:01:15]} Qd5 {[%clk 0:01:01]} 32. Qe4
{[%clk 0:01:02]} Rxc5 {[%clk 0:00:48]} 33. Qxd5 {[%clk 0:00:58]} Rxd5
{[%clk 0:00:49]} 34. g4 {[%clk 0:00:56]} h5 {[%clk 0:00:36]} 35. gxh5
{[%clk 0:00:36]} Rxf5 {[%clk 0:00:36]} 36. Rc6 {[%clk 0:00:33]} a5
{[%clk 0:00:27]} 37. h6 {[%clk 0:00:31]} g6 {[%clk 0:00:24]} 38. Re8+
{[%clk 0:00:25]} Kh7 {[%clk 0:00:25]} 39. Rc7 {[%clk 0:00:25]} Bg5
{[%clk 0:00:23]} 40. Rd7 {[%clk 0:00:20]} Be3+ {[%clk 0:00:23]} 41. Kg2
{[%clk 0:00:21]} Kxh6 {[%clk 0:00:23]} 42. a4 {[%clk 0:00:19]} Kg5
{[%clk 0:00:23]} 43. Red8 {[%clk 0:00:15]} Rf2+ {[%clk 0:00:24]} 44. Kg3
{[%clk 0:00:15]} f5 {[%clk 0:00:20]} 45. Rd5 {[%clk 0:00:14]} Ra2
{[%clk 0:00:19]} 46. Rxa5 {[%clk 0:00:12]} Bf4+ {[%clk 0:00:18]} 47. Kf3
{[%clk 0:00:09]} Ra3+ {[%clk 0:00:14]} 48. Ke2 {[%clk 0:00:08]} Re3+
{[%clk 0:00:15]} 49. Kf1 {[%clk 0:00:08]} d3 {[%clk 0:00:16]} 50. Rad5
{[%clk 0:00:08]} Rf3+ {[%clk 0:00:16]} 51. Kg2 {[%clk 0:00:09]} Rg3+
{[%clk 0:00:15]} 52. Kf2 {[%clk 0:00:10]} Rg4 {[%clk 0:00:11]} 53. Rxd3
{[%clk 0:00:10]} Bg3+ {[%clk 0:00:12]} 54. Ke2 {[%clk 0:00:11]} Re4+
{[%clk 0:00:12]} 55. Kf3 {[%clk 0:00:11]} Bh4 {[%clk 0:00:13]} 56. R8d4
{[%clk 0:00:12]} Re1 {[%clk 0:00:14]} 57. a5 {[%clk 0:00:13]} Ra1
{[%clk 0:00:15]} 58. Rd5 {[%clk 0:00:15]} Be1 {[%clk 0:00:16]} 59. Rd6
{[%clk 0:00:14]} Bxa5 {[%clk 0:00:16]} 60. Rd1 {[%clk 0:00:16]} Ra3+
{[%clk 0:00:16]} 61. Ke2 {[%clk 0:00:16]} Ra2+ {[%clk 0:00:17]} 62. Kd3
{[%clk 0:00:17]} Rg2 {[%clk 0:00:16]} 63. Ra1 {[%clk 0:00:16]} Bc7
{[%clk 0:00:17]} 64. Rc6 {[%clk 0:00:17]} Bf4 {[%clk 0:00:18]} 65. Rf1
{[%clk 0:00:18]} Rd2+ {[%clk 0:00:19]} 66. Kc3 {[%clk 0:00:19]} Rg2
{[%clk 0:00:20]} 67. Kd3 {[%clk 0:00:20]} Bg3 {[%clk 0:00:19]} 68. Ra1
{[%clk 0:00:20]} Be5 {[%clk 0:00:20]} 69. Raa6 {[%clk 0:00:20]} Kh5
{[%clk 0:00:18]} 70. Ra5 {[%clk 0:00:20]} Bf4 {[%clk 0:00:19]} 71. Raa6
{[%clk 0:00:21]} g5 {[%clk 0:00:19]} 72. Rh6+ {[%clk 0:00:22]} Kg4
{[%clk 0:00:21]} 73. Rhg6 {[%clk 0:00:23]} Rd2+ {[%clk 0:00:21]} 74. Kc3
{[%clk 0:00:24]} Rd5 {[%clk 0:00:23]} 75. Ra1 {[%clk 0:00:24]} Kf3
{[%clk 0:00:23]} 76. Rf1+ {[%clk 0:00:24]} Ke2 {[%clk 0:00:24]} 77. Rb1
{[%clk 0:00:25]} g4 {[%clk 0:00:25]} 78. Rg8 {[%clk 0:00:25]} g3 {[%clk 0:00:26]}
79. Rg1 {[%clk 0:00:25]} Kf2 {[%clk 0:00:27]} 80. Ra1 {[%clk 0:00:26]} Be5+
{[%clk 0:00:28]} 81. Kc4 {[%clk 0:00:27]} Bxa1 {[%clk 0:00:18]} 82. Kxd5
{[%clk 0:00:28]} g2 {[%clk 0:00:20]} 83. Ke6 {[%clk 0:00:27]} f4 {[%clk 0:00:21]}
84. Kf5 {[%clk 0:00:28]} f3 {[%clk 0:00:23]} 85. Ke4 {[%clk 0:00:29]} Ke2
{[%clk 0:00:23]} 86. Rg3 {[%clk 0:00:29]} Bc3 {[%clk 0:00:22]} 87. Rg4
{[%clk 0:00:29]} Ba5 {[%clk 0:00:21]} 88. Rg3 {[%clk 0:00:29]} Bb6
{[%clk 0:00:22]} 0-1

[Event "M?R 2020 v bleskovém ?achu druzstev"]
[Site "Turnov"]
[Date "2020.09.12"]
[Round "8.3"]
[White "Vykouk TUR_A, Jan"]
[Black "Sykora TUR_C, Marek"]
[Result "0-1"]
[BlackElo "1981"]
[WhiteElo "2374"]
[LiveChessVersion "1.4.8"]

1. e4 {[%clk 0:03:02]} e5 {[%clk 0:03:02]} 2. Nf3 {[%clk 0:03:03]} Nc6
{[%clk 0:03:03]} 3. Bc4 {[%clk 0:03:03]} Bc5 {[%clk 0:03:03]} 4. c3
{[%clk 0:03:03]} Nf6 {[%clk 0:03:03]} 5. d4 {[%clk 0:03:04]} exd4
{[%clk 0:03:03]} 6. O-O {[%clk 0:03:04]} d5 {[%clk 0:02:22]} 7. exd5
{[%clk 0:02:58]} Nxd5 {[%clk 0:02:21]} 8. cxd4 {[%clk 0:02:56]} Be7
{[%clk 0:01:59]} 9. Bxd5 {[%clk 0:02:55]} Qxd5 {[%clk 0:01:59]} 10. Nc3
{[%clk 0:02:56]} Qh5 {[%clk 0:01:42]} 11. d5 {[%clk 0:02:57]} Ne5
{[%clk 0:00:59]} 12. Nxe5 {[%clk 0:02:55]} Qxe5 {[%clk 0:00:59]} 13. Re1
{[%clk 0:02:55]} Qf6 {[%clk 0:00:51]} 14. Qe2 {[%clk 0:00:28]} Kd8
{[%clk 0:00:51]} 15. Bf4 {[%clk 0:00:17]} Re8 {[%clk 0:00:35]} 16. Bg3
{[%clk 0:00:06]} Bd7 {[%clk 0:00:32]} 17. Rac1 {[%clk 0:00:04]} Bd6
{[%clk 0:00:16]} 18. Ne4 {[%clk 0:00:05]} Qg6 {[%clk 0:00:13]} 19. Bxd6
{[%clk 0:00:05]} cxd6 {[%clk 0:00:11]} 20. Qf3 {[%clk 0:00:05]} Rc8
{[%clk 0:00:06]} 21. Rxc8+ {[%clk 0:00:06]} Kxc8 {[%clk 0:00:07]} 22. Qf4
{[%clk 0:00:05]} Kb8 {[%clk 0:00:05]} 23. Qg3 {[%clk 0:00:03]} Qxg3 24. hxg3
{[%clk 0:00:04]} f5 {[%clk 0:00:07]} 25. f3 {[%clk 0:00:04]} fxe4
{[%clk 0:00:07]} 26. fxe4 {[%clk 0:00:05]} Bf5 {[%clk 0:00:09]} 27. e5
{[%clk 0:00:05]} Rxe5 {[%clk 0:00:10]} 28. Rc1 {[%clk 0:00:07]} Rxd5
{[%clk 0:00:10]} 29. Kf2 {[%clk 0:00:08]} Rd2+ 30. Ke3 Rxb2 {[%clk 0:00:12]} 31.
Kf4 {[%clk 0:00:11]} Bg6 {[%clk 0:00:13]} 32. a4 {[%clk 0:00:12]} Rxg2
{[%clk 0:00:14]} 33. Re1 {[%clk 0:00:13]} Ra2 {[%clk 0:00:14]} 34. Kg5
{[%clk 0:00:11]} Rxa4 {[%clk 0:00:15]} 35. g4 {[%clk 0:00:12]} Ra5+
{[%clk 0:00:15]} 36. Kh4 {[%clk 0:00:14]} b5 {[%clk 0:00:17]} 37. Re7
{[%clk 0:00:14]} b4 {[%clk 0:00:17]} 38. Rxg7 {[%clk 0:00:14]} Rb5
{[%clk 0:00:18]} 39. g5 {[%clk 0:00:13]} b3 {[%clk 0:00:18]} 40. Re7
{[%clk 0:00:12]} b2 {[%clk 0:00:20]} 41. Re3 {[%clk 0:00:10]} 0-1

[Event "M?R 2020 v bleskovém ?achu druzstev"]
[Site "Turnov"]
[Date "2020.09.12"]
[Round "8.4"]
[White "Sykora TUR_C, Ondrej"]
[Black "Studnicka TUR_A, Tomas"]
[Result "1-0"]
[BlackElo "2155"]
[WhiteElo "2125"]
[LiveChessVersion "1.4.8"]

1. e4 {[%clk 0:03:03]} c5 {[%clk 0:03:03]} 2. Nf3 {[%clk 0:03:04]} Nc6
{[%clk 0:03:04]} 3. c3 {[%clk 0:03:05]} d5 {[%clk 0:02:58]} 4. exd5
{[%clk 0:03:06]} Qxd5 {[%clk 0:02:58]} 5. d4 {[%clk 0:03:07]} Nf6
{[%clk 0:02:57]} 6. dxc5 {[%clk 0:02:59]} Qxd1+ {[%clk 0:02:53]} 7. Kxd1
{[%clk 0:03:01]} Bg4 {[%clk 0:02:54]} 8. Be3 {[%clk 0:02:58]} e5 {[%clk 0:02:53]}
9. Nbd2 {[%clk 0:02:54]} Nd5 {[%clk 0:02:41]} 10. Bc4 {[%clk 0:01:46]} Nxe3+
{[%clk 0:02:23]} 11. fxe3 {[%clk 0:01:47]} Bxc5 {[%clk 0:02:23]} 12. Ke2
{[%clk 0:01:45]} O-O {[%clk 0:02:23]} 13. h3 {[%clk 0:01:37]} Bh5
{[%clk 0:02:21]} 14. e4 {[%clk 0:01:36]} Kh8 {[%clk 0:02:09]} 15. Rhf1
{[%clk 0:01:34]} f6 {[%clk 0:02:08]} 16. g4 {[%clk 0:01:28]} Bf7 {[%clk 0:02:03]}
17. Bxf7 Rxf7 18. Nb3 {[%clk 0:01:27]} Bb6 {[%clk 0:02:01]} 19. Rad1
{[%clk 0:01:25]} g6 {[%clk 0:01:59]} 20. Rd6 {[%clk 0:01:18]} Kg7
{[%clk 0:02:00]} 21. Rfd1 {[%clk 0:01:17]} Re8 {[%clk 0:02:00]} 22. Rd7
{[%clk 0:01:10]} Ree7 {[%clk 0:02:01]} 23. Rxe7 {[%clk 0:01:11]} Rxe7
{[%clk 0:02:02]} 24. Rd5 {[%clk 0:01:08]} Kf7 {[%clk 0:02:01]} 25. Nbd2
{[%clk 0:01:05]} Ke6 {[%clk 0:01:59]} 26. Nc4 {[%clk 0:01:04]} Bc7
{[%clk 0:02:00]} 27. b4 {[%clk 0:01:02]} Rd7 {[%clk 0:01:34]} 28. Rxd7
{[%clk 0:01:00]} Kxd7 {[%clk 0:01:35]} 29. Ne3 {[%clk 0:01:00]} Ne7
{[%clk 0:01:34]} 30. Kd3 {[%clk 0:00:57]} Bb6 {[%clk 0:01:30]} 31. g5
{[%clk 0:00:53]} fxg5 {[%clk 0:01:17]} 32. Nxg5 {[%clk 0:00:49]} h5
{[%clk 0:01:14]} 33. Nd5 {[%clk 0:00:48]} Bd8 {[%clk 0:01:08]} 34. Nf7
{[%clk 0:00:44]} Nxd5 {[%clk 0:01:00]} 35. exd5 {[%clk 0:00:44]} Bf6
{[%clk 0:01:02]} 36. Ke4 {[%clk 0:00:44]} g5 {[%clk 0:00:53]} 37. Nxe5+
{[%clk 0:00:45]} Bxe5 {[%clk 0:00:46]} 38. Kxe5 {[%clk 0:00:46]} g4
{[%clk 0:00:47]} 39. hxg4 {[%clk 0:00:45]} hxg4 {[%clk 0:00:49]} 40. Kf4
{[%clk 0:00:43]} Kd6 {[%clk 0:00:50]} 41. c4 b5 42. c5+ {[%clk 0:00:32]} Kxd5 43.
Kxg4 a5 {[%clk 0:00:54]} 44. a3 {[%clk 0:00:35]} axb4 {[%clk 0:00:55]} 45. axb4
Kc4 {[%clk 0:00:57]} 46. c6 {[%clk 0:00:37]} Kxb4 {[%clk 0:00:58]} 47. c7
{[%clk 0:00:39]} Ka3 {[%clk 0:00:59]} 48. c8=Q b4 49. Qa6+ {[%clk 0:00:41]} Kb2
{[%clk 0:01:02]} 50. Qe2+ {[%clk 0:00:41]} Kc1 {[%clk 0:01:03]} 51. Qe1+
{[%clk 0:00:41]} 1-0